| Tag |
First Indicator |
Second Indicator |
Subfields |
| LEADER |
00000cam a2200000 i 4500 |
| 001 |
in00003909607 |
| 005 |
20210514090951.0 |
| 006 |
m o d f |
| 007 |
cr b|||||a|||| |
| 008 |
170907s2017 dcua o f000 0 eng c |
| 035 |
|
|
|a (OCoLC)on1003151258
|
| 042 |
|
|
|a pcc
|
| 043 |
|
|
|a n-us---
|
| 040 |
|
|
|a GPO
|b eng
|e rda
|e pn
|c GPO
|d GPO
|d MvI
|
| 049 |
|
|
|a WWW
|
| 050 |
1 |
4 |
|a KF27
|b .A7656 2017b
|
| 074 |
|
|
|a 1012-F (online)
|
| 086 |
0 |
|
|a Y 4.AR 5/2 A:2017-2018/18
|
| 088 |
|
|
|a H.A.S.C. no. 115-18
|
| 110 |
1 |
|
|a United States.
|b Congress.
|b House.
|b Committee on Armed Services.
|b Oversight and Investigations Subcommittee,
|e author.
|
| 245 |
1 |
0 |
|a Oversight review of infrastructure needs and projects ready for immediate implementation in the Nuclear Security Enterprise :
|b hearing before the Subcommittee on Oversight and Investigations of the Committee on Armed Services, House of Representatives, One Hundred Fifteenth Congress, first session, hearing held March 16, 2017.
|
| 264 |
|
1 |
|a Washington :
|b U.S. Government Publishing Office,
|c 2017.
|
| 300 |
|
|
|a 1 online resource (iii, 103 pages) :
|b illustrations
|
| 336 |
|
|
|a text
|b txt
|2 rdacontent
|
| 337 |
|
|
|a computer
|b c
|2 rdamedia
|
| 338 |
|
|
|a online resource
|b cr
|2 rdacarrier
|
| 588 |
|
|
|a Description based on online resource; title from PDF title screen (FDsys, viewed on Sept. 7, 2017).
|
| 500 |
|
|
|a Paper version available for sale by the Superintendent of Documents, United States Government Publishing Office.
|
| 500 |
|
|
|a "H.A.S.C. no. 115-18."
|
| 610 |
1 |
0 |
|a United States.
|b National Nuclear Security Administration
|x Appropriations and expenditures.
|
| 650 |
|
0 |
|a Nuclear facilities
|z United States
|x Maintenance and repair
|x Finance.
|
| 650 |
|
0 |
|a Nuclear facilities
|z United States
|x Design and construction
|x Finance.
|
| 650 |
|
0 |
|a Nuclear weapons
|x Inventory control
|z United States.
|
| 650 |
|
0 |
|a Weapons systems
|z United States
|x Maintenance and repair
|x Finance.
|
| 650 |
|
0 |
|a Deterrence (Strategy)
|
| 655 |
|
7 |
|a Legislative hearings.
|2 lcgft
|
| 776 |
0 |
8 |
|i Print version:
|a United States. Congress. House. Committee on Armed Services. Oversight and Investigations Subcommittee.
|t Oversight review of infrastructure needs and projects ready for immediate implementation in the Nuclear Security Enterprise
|w (OCoLC)1003151177
|
| 856 |
4 |
0 |
|u https://purl.fdlp.gov/GPO/gpo84396
|t 0
|
| 856 |
4 |
0 |
|u http://purl.fdlp.gov/GPO/gpo84396
|t 0
|
| 999 |
f |
f |
|s 415dcaae-4627-3b60-b8bb-eb4b495a525c
|i c6581ba0-ef39-32af-8e1d-7cad2e4ce039
|t 0
|
| 952 |
f |
f |
|a Texas A&M University
|b College Station
|c Electronic Resources
|d Available Online
|t 0
|e Y 4.AR 5/2 A:2017-2018/18
|h Superintendent of Documents classification
|
| 998 |
f |
f |
|a Y 4.AR 5/2 A:2017-2018/18
|t 0
|l Available Online
|